000 00289nam a22001337a 4500
008 170321b xxu||||| |||| 00| 0 eng d
020 _aSIEGESS1210
041 _aeng
080 _a616.8
100 _a7
101 _aSHM
245 _aESSENTIAL NEUROSCIENCE
_cSIEGEL.A
942 _2udc
_cBK
999 _c8175
_d8175